000 00711nam a2200289Ia 4500
005 20260324143316.0
008 008 260324s9999 xx 000 0 eng d
020 _a9780429200465
037 _aEBOOK
040 _aCRL
040 _beng
040 _cCRL
041 _2eng
041 _aeng
084 _qCRL
100 _aJohan Holmberg
_91215172
245 0 _aPolicies for a Small Planet
245 0 _bFrom the International Institute for Environment and Development
260 _bTaylor and Francis
260 _c1992
365 _a
365 _b205
856 _uhttp://www.taylorfrancis.com/books/9780429200465
942 _cEBOOK
999 _c1820385
_d1820385